[Event "Play for Durgesh Fundraiser Blitz"]
[Site "Vishy Anand Arena"]
[Date "2020.09.19"]
[Round "2"]
[White "PlasticBabu"]
[Black "LAXMAN"]
[Result "0-1"]
[WhiteElo "1620"]
[BlackElo "2431"]
[PlyCount "92"]
[EventDate "2020.09.19"]
[EventType "swiss (blitz)"]

1. d4 Nf6 2. Nf3 e6 3. e3 b6 4. Bd3 Bb7 5. Nbd2 c5 6. b3 cxd4 7. exd4 Nc6 8. a3 Be7 9. Bb2 O-O 10. O-O Rc8 11. Qe2 d5 12. Ne5 Nxe5 13. Qxe5 Nd7 14. Qe2 Re8 15. Nf3 g6 16. Ne5 Nxe5 17. Qxe5 Bf6 18. Qe2 Qc7 19. g3 h5 20. Qf3 Kg7 21. Rae1 Re7 22. Qe3 b5 23. Bc1 Kg8 24. Bb2 a6 25. Qh6 Bg7 26. Qg5 Ree8 27. Re2 Qd8 28. Qxd8 Rexd8 29. Rfe1 Rc7 30. f4 Rdc8 31. Kg2 a5 32. h3 Rc6 33. Kf3 Ba6 34. b4 axb4 35. axb4 Bf8 36. c3 Rxc3 37. Bxc3 Rxc3 38. Re3 Bxb4 39. g4 hxg4+ 40. hxg4 Rxd3 41. Rxd3 Bxe1 42. f5 gxf5 43. gxf5 b4 44. Rb3 Bc3 45. Rb1 Bd3 46. Rb3 Bc2 0-1

[Event "Play for Durgesh Fundraiser Blitz"]
[Site "Vishy Anand Arena"]
[Date "2020.09.19"]
[Round "2"]
[White "Poorvi_2005"]
[Black "Abhishek20082000"]
[Result "0-1"]
[WhiteElo "1620"]
[BlackElo "1397"]
[Annotator "NA"]
[PlyCount "46"]
[EventDate "2020.09.19"]
[EventType "swiss (blitz)"]

1. c4 e6 2. Nc3 d5 3. cxd5 exd5 4. d4 c6 5. Bf4 Bd6 6. Bxd6 Qxd6 7. e3 Nf6 8. Nf3 Bg4 9. Bd3 O-O 10. h3 Bh5 11. g4 Bg6 12. Qc2 b5 13. a3 Nbd7 14. g5 Nh5 15. O-O-O a5 16. Bxg6 fxg6 17. Nh2 b4 18. Na4 bxa3 19. bxa3 Qxa3+ 20. Kb1 Rab8+ 21. Nb2 Rxb2+ 22. Qxb2 Rb8 23. Qxb8+ Nxb8 0-1

[Event "Play for Durgesh Fundraiser Blitz"]
[Site "Vishy Anand Arena"]
[Date "2020.09.19"]
[Round "2"]
[White "Pradosh"]
[Black "Padmaesh M K"]
[Result "0-1"]
[WhiteElo "1620"]
[BlackElo "1914"]
[PlyCount "28"]
[EventDate "2020.09.19"]
[EventType "swiss (blitz)"]

1. d4 Nf6 2. e3 e5 3. Nf3 e4 4. Nfd2 d5 5. Be2 Be6 6. O-O c6 7. Re1 Nbd7 8. Na3 Bd6 9. c3 Qc7 10. Qc2 Bxh2+ 11. Kf1 Bg4 12. f3 exf3 13. gxf3 Bh3+ 14. Kf2 Qg3# 0-1

[Event "Play for Durgesh Fundraiser Blitz"]
[Site "Vishy Anand Arena"]
[Date "2020.09.19"]
[Round "2"]
[White "S A Serock"]
[Black "advay_aggarwal"]
[Result "0-1"]
[WhiteElo "1620"]
[BlackElo "1578"]
[Annotator "NA"]
[PlyCount "44"]
[EventDate "2020.09.19"]
[EventType "swiss (blitz)"]

1. e4 e6 2. Nf3 d5 3. exd5 exd5 4. d4 Bf5 5. Nc3 Nf6 6. Bd3 Bxd3 7. Qxd3 Be7 8. O-O O-O 9. Bg5 Nc6 10. Rfe1 Re8 11. Re3 Ng4 12. Bxe7 Rxe7 13. Rxe7 Qxe7 14. h3 Nf6 15. Re1 Qd6 16. a3 h6 17. b4 a6 18. Ne5 Nxe5 19. dxe5 Qe6 20. Qxd5 Nxd5 21. Nxd5 Qxd5 22. f3 Re8 0-1

[Event "Play for Durgesh Fundraiser Blitz"]
[Site "Vishy Anand Arena"]
[Date "2020.09.19"]
[Round "2"]
[White "Sahana007"]
[Black "Warriorniko"]
[Result "0-1"]
[WhiteElo "1620"]
[BlackElo "1354"]
[Annotator "NA"]
[PlyCount "54"]
[EventDate "2020.09.19"]
[EventType "swiss (blitz)"]

1. e4 e5 2. Nf3 Nf6 3. Nc3 Bc5 4. Nxe5 Nc6 5. Nxc6 dxc6 6. Bc4 O-O 7. O-O Re8 8. d3 Bg4 9. Qd2 h6 10. h3 Be6 11. Bxe6 Rxe6 12. Qe2 Bd4 13. Be3 Bxe3 14. Qxe3 Qe7 15. Rfe1 b6 16. Rad1 c5 17. Qg3 Rd8 18. Ne2 Rd7 19. Nf4 Re5 20. Rd2 Rg5 21. Qf3 Qe5 22. Rdd1 Rd8 23. Nd5 Rd6 24. Nxf6+ Rxf6 25. Qe3 Rfg6 26. Kh1 Rxg2 27. Rg1 Qh2# 0-1

[Event "Play for Durgesh Fundraiser Blitz"]
[Site "Vishy Anand Arena"]
[Date "2020.09.19"]
[Round "2"]
[White "Saksham2103"]
[Black "Sidhurajesh"]
[Result "0-1"]
[WhiteElo "1620"]
[BlackElo "1221"]
[Annotator "NA"]
[PlyCount "56"]
[EventDate "2020.09.19"]
[EventType "swiss (blitz)"]

1. e4 d5 2. exd5 Nf6 3. Nc3 Nxd5 4. Nf3 Be6 5. Be2 Nc6 6. O-O Qd7 7. Nxd5 Bxd5 8. d3 O-O-O 9. b3 g6 10. Bb2 Rg8 11. d4 Bg7 12. c3 e5 13. dxe5 Nxe5 14. Nxe5 Bxe5 15. Bf3 Bxf3 16. Qxf3 Qd2 17. Rab1 Rd3 18. Qxf7 Rg7 19. Qe8+ Rd8 20. Qxe5 Rgd7 21. Qe3 Qd5 22. c4 Qa5 23. a3 Kb8 24. Qf3 Rd3 25. Rbd1 Rxd1 26. Rxd1 Re8 27. Qd5 Re1+ 28. Rxe1 Qxe1# 0-1

[Event "Play for Durgesh Fundraiser Blitz"]
[Site "Vishy Anand Arena"]
[Date "2020.09.19"]
[Round "2"]
[White "Shivanibai"]
[Black "Vaishnavi0309"]
[Result "0-1"]
[WhiteElo "1620"]
[BlackElo "1404"]
[Annotator "NA"]
[PlyCount "92"]
[EventDate "2020.09.19"]
[EventType "swiss (blitz)"]

1. e4 e5 2. Nf3 Nc6 3. Nc3 Nf6 4. d4 exd4 5. Nd5 Nxd5 6. exd5 Qe7+ 7. Be2 Ne5 8. Nxe5 Qxe5 9. O-O Be7 10. Re1 Qxd5 11. Bf3 Qd6 12. Qe2 Qf6 13. Bf4 d6 14. Qe4 Rb8 15. Re2 Be6 16. Rae1 O-O 17. Bg3 Rfe8 18. Rd1 Bf5 19. Qxd4 Qxd4 20. Rxd4 Bf6 21. Rxe8+ Rxe8 22. Rd1 Bxc2 23. Rc1 b6 24. h3 Bg6 25. Bc6 Re2 26. Bf3 Rxb2 27. Rc3 Bxc3 28. Bf4 Rxa2 29. Kf1 b5 30. Bc6 Bd3+ 31. Kg1 Bd4 32. Be3 Bxe3 33. fxe3 b4 34. Bd5 Ra1+ 35. Kh2 Bc2 36. g3 b3 37. g4 b2 38. Kg3 b1=Q 39. Kf4 Qf1+ 40. Kg3 Qe2 41. Kh4 Qf2+ 42. Kg5 Qxe3+ 43. Kh4 Qe5 44. g5 g6 45. Kg4 Qd4+ 46. Kg3 Qxd5 0-1

[Event "Play for Durgesh Fundraiser Blitz"]
[Site "Vishy Anand Arena"]
[Date "2020.09.19"]
[Round "2"]
[White "Strangebhaina"]
[Black "grandmaster1361"]
[Result "0-1"]
[WhiteElo "1620"]
[BlackElo "1620"]
[Annotator "NA"]
[PlyCount "84"]
[EventDate "2020.09.19"]
[EventType "swiss (blitz)"]

1. c4 Nf6 2. Nc3 e6 3. Nf3 d5 4. cxd5 Nxd5 5. e3 Nc6 6. d4 Bb4 7. Qc2 O-O 8. Bd2 Bd7 9. Bc4 Nxc3 10. bxc3 Bd6 11. O-O b6 12. a4 Na5 13. Bd3 h6 14. Bh7+ Kh8 15. Bd3 Bc6 16. Nh4 Qxh4 17. h3 Rad8 18. e4 Be7 19. d5 exd5 20. e5 Bc5 21. Be3 d4 22. cxd4 Rxd4 23. e6 Rxd3 24. Qxd3 Qe4 25. Qxe4 Bxe4 26. e7 Bxe7 27. Rab1 Nc4 28. Rbe1 Nxe3 29. fxe3 Bc5 30. Rf4 Bxe3+ 31. Rxe3 Bb7 32. Rc4 f6 33. Rd3 Ba6 34. Rdc3 Bxc4 35. Rxc4 Rf7 36. g4 Kh7 37. Kh2 g5 38. Re4 Kg6 39. Re8 Kg7 40. Rd8 Kg6 41. Rc8 Kg7 42. Rb8 Kh7 0-1

[Event "Play for Durgesh Fundraiser Blitz"]
[Site "Vishy Anand Arena"]
[Date "2020.09.19"]
[Round "2"]
[White "Tejesh Reddy"]
[Black "Sragvidhanvi"]
[Result "0-1"]
[WhiteElo "1620"]
[BlackElo "1557"]
[Annotator "NA"]
[PlyCount "34"]
[EventDate "2020.09.19"]
[EventType "swiss (blitz)"]

1. e4 c6 2. Nf3 d5 3. exd5 cxd5 4. Nc3 Nf6 5. d4 Bf5 6. Bf4 e6 7. Nb5 Qa5+ 8. c3 Na6 9. b4 Qd8 10. Bd3 Bxd3 11. Qxd3 Be7 12. O-O O-O 13. Rad1 Ne4 14. Rde1 Bd6 15. Bxd6 Nxd6 16. Nxd6 Qxd6 17. Ng5 g6 0-1

[Event "Play for Durgesh Fundraiser Blitz"]
[Site "Vishy Anand Arena"]
[Date "2020.09.19"]
[Round "2"]
[White "Tusharsawant91"]
[Black "Mastering tempo"]
[Result "0-1"]
[WhiteElo "1620"]
[BlackElo "1943"]
[Annotator "NA"]
[PlyCount "70"]
[EventDate "2020.09.19"]
[EventType "swiss (blitz)"]

1. e4 d5 2. exd5 Nf6 3. Nc3 Nxd5 4. Nxd5 Qxd5 5. Nf3 Bg4 6. Be2 Nc6 7. O-O e5 8. d3 O-O-O 9. Re1 f6 10. h3 Be6 11. Bd2 h5 12. Bc3 g5 13. Nh2 Qd7 14. Bf3 Bg7 15. Bxc6 Qxc6 16. Qf3 Qd7 17. Qe3 Kb8 18. a4 g4 19. h4 f5 20. Bxe5 Bxe5 21. Qxe5 Rhe8 22. Qc3 f4 23. Rad1 Qe7 24. b3 Qxh4 25. d4 f3 26. g3 Qh3 27. Nxf3 gxf3 28. Qxf3 Bd5 29. Rxe8 Rxe8 30. Qxd5 Qg4 31. Rf1 h4 32. Qf7 Rc8 33. Qd5 hxg3 34. fxg3 Qxg3+ 35. Qg2 Qe3+ 0-1

[Event "Play for Durgesh Fundraiser Blitz"]
[Site "Vishy Anand Arena"]
[Date "2020.09.19"]
[Round "2"]
[White "VK2003"]
[Black "Varunrambharose"]
[Result "0-1"]
[WhiteElo "1620"]
[BlackElo "1781"]
[Annotator "NA"]
[PlyCount "84"]
[EventDate "2020.09.19"]
[EventType "swiss (blitz)"]

1. e4 c6 2. Nf3 d5 3. Nc3 Bg4 4. h3 Bxf3 5. Qxf3 e6 6. d3 dxe4 7. Nxe4 Nd7 8. Bf4 Ngf6 9. Be2 Be7 10. Nd6+ Bxd6 11. Bxd6 Qa5+ 12. b4 Qd5 13. Qxd5 cxd5 14. O-O Rc8 15. c4 dxc4 16. dxc4 Ne4 17. Bf4 e5 18. Be3 b6 19. Rfc1 O-O 20. Bf3 Nef6 21. c5 e4 22. Be2 Nd5 23. Bb5 Ne5 24. cxb6 axb6 25. Bd4 Nd3 26. Bxd3 exd3 27. Rd1 Nxb4 28. Bxb6 Rc6 29. Be3 Nc2 30. Rac1 Nxe3 31. fxe3 Rc2 32. Rxc2 dxc2 33. Rc1 Rc8 34. Kf2 f6 35. Ke2 Kf7 36. Kd2 Ra8 37. Rxc2 Ra4 38. Rb2 Kg6 39. Ke2 Ra3 40. Kf3 Ra4 41. g3 h5 42. h4 Ra3 0-1

[Event "Play for Durgesh Fundraiser Blitz"]
[Site "Vishy Anand Arena"]
[Date "2020.09.19"]
[Round "2"]
[White "Yashteotiachess"]
[Black "Haldankardhruv"]
[Result "0-1"]
[WhiteElo "1620"]
[BlackElo "1784"]
[Annotator "NA"]
[PlyCount "58"]
[EventDate "2020.09.19"]
[EventType "swiss (blitz)"]

1. e4 c5 2. d3 a6 3. Be3 e6 4. Nc3 b5 5. Nf3 Bb7 6. d4 cxd4 7. Bxd4 Nf6 8. Ne5 Bb4 9. Bd3 O-O 10. Qe2 d5 11. exd5 Qxd5 12. Nf3 e5 13. Bxe5 Re8 14. O-O-O Qe6 15. Ne4 Nxe4 16. Bxe4 Bxe4 17. Qxe4 Nc6 18. Qxb4 Nxb4 19. Rd4 Nxa2+ 20. Kb1 Red8 21. Rxd8+ Rxd8 22. Bc3 Nxc3+ 23. bxc3 Rc8 24. Re1 Qc6 25. Re3 h6 26. Re5 Qxc3 27. Re2 Rd8 28. Ka2 Rd1 29. Re3 Ra1# 0-1

[Event "Play for Durgesh Fundraiser Blitz"]
[Site "Vishy Anand Arena"]
[Date "2020.09.19"]
[Round "2"]
[White "srujankeerthan2005"]
[Black "Position"]
[Result "1-0"]
[WhiteElo "1620"]
[BlackElo "2160"]
[Annotator "NA"]
[PlyCount "99"]
[EventDate "2020.09.19"]
[EventType "swiss (blitz)"]

1. e4 c5 2. Nf3 d6 3. d4 cxd4 4. Nxd4 Nf6 5. Nc3 a6 6. Bg5 e6 7. f4 Be7 8. Qf3 Qc7 9. O-O-O Nc6 10. g4 Bd7 11. Nb3 O-O-O 12. Bxf6 gxf6 13. Qe3 Na5 14. Kb1 Kb8 15. Qd4 Rhg8 16. Be2 Rc8 17. Qb4 Nc6 18. Qc4 Qb6 19. Qd3 Nb4 20. Qd4 Qxd4 21. Rxd4 Nc6 22. Rdd1 Be8 23. h4 Nb4 24. a3 Nc6 25. g5 Ka7 26. Bg4 fxg5 27. hxg5 Rg7 28. Rh6 Rd8 29. Rdh1 d5 30. e5 d4 31. Ne4 d3 32. Rxh7 Rxh7 33. Rxh7 dxc2+ 34. Kxc2 Nd4+ 35. Nxd4 Rxd4 36. Bf3 Rc4+ 37. Kb3 Rd4 38. Kc3 Rd8 39. g6 Rc8+ 40. Kd4 Rd8+ 41. Nd6 Bxd6 42. exd6 Rxd6+ 43. Ke5 Rb6 44. gxf7 Bxf7 45. Rxf7 Rxb2 46. Be4 Rb3 47. Kxe6 Ka8 48. Bxb7+ Rxb7 49. Rxb7 Kxb7 50. Kd7 1-0

[Event "Play for Durgesh Fundraiser Blitz"]
[Site "Vishy Anand Arena"]
[Date "2020.09.19"]
[Round "2"]
[White "Aniketmohapatra"]
[Black "Suyash45"]
[Result "0-1"]
[WhiteElo "1610"]
[BlackElo "1951"]
[Annotator "NA"]
[PlyCount "70"]
[EventDate "2020.09.19"]
[EventType "swiss (blitz)"]

1. d4 c5 2. c3 Nf6 3. Nf3 e6 4. Bf4 Nc6 5. e3 d5 6. Bb5 Bd6 7. Bg3 O-O 8. O-O Ne4 9. Nbd2 Nxg3 10. hxg3 Bd7 11. dxc5 Bxc5 12. Bxc6 bxc6 13. Ne5 Be8 14. Ndf3 f6 15. Nd3 Bd6 16. Rc1 e5 17. Nb4 Rb8 18. a3 a5 19. Na2 Rxb2 20. Rc2 Qb6 21. a4 Bf7 22. Nd2 d4 23. c4 dxe3 24. fxe3 Qxe3+ 25. Kh1 Qh6+ 26. Kg1 Bc5+ 27. Rf2 Rxc2 28. Qxc2 Rd8 29. Ne4 Bg6 30. Qe2 Bxe4 31. Nc3 Rd2 32. Nxe4 Rxe2 33. Kf1 Rxf2+ 34. Nxf2 Qc1+ 35. Ke2 Qc2+ 0-1

[Event "Play for Durgesh Fundraiser Blitz"]
[Site "Vishy Anand Arena"]
[Date "2020.09.19"]
[Round "2"]
[White "Tustintin"]
[Black "SAIPRAKASHREDDY"]
[Result "1-0"]
[WhiteElo "1610"]
[BlackElo "1205"]
[Annotator "NA"]
[PlyCount "65"]
[EventDate "2020.09.19"]
[EventType "swiss (blitz)"]

1. d4 d5 2. c4 dxc4 3. e3 b5 4. a4 a6 5. axb5 a5 6. Qf3 c6 7. bxc6 Nxc6 8. Qxc6+ Bd7 9. Qxc4 e6 10. Bd3 f5 11. Nf3 Nf6 12. Ne5 Be7 13. Bxf5 O-O 14. Bxe6+ Kh8 15. Nf7+ Rxf7 16. Bxf7 Ne4 17. Bd5 Nf6 18. Bxa8 Ng4 19. Bf3 Nf6 20. b3 Bg4 21. Bd2 h5 22. Bxa5 Qd7 23. Bc6 Qf5 24. f3 Bxf3 25. gxf3 Qh3 26. Bb4 Bxb4+ 27. Qxb4 Qg2 28. Ra8+ Kh7 29. Rf1 Qxh2 30. Be8 Qg3+ 31. Kd1 Nd5 32. Qf8 Nxe3+ 33. Kc1 1-0

[Event "Play for Durgesh Fundraiser Blitz"]
[Site "Vishy Anand Arena"]
[Date "2020.09.19"]
[Round "2"]
[White "Aditya_06"]
[Black "Aradhya"]
[Result "0-1"]
[WhiteElo "1606"]
[BlackElo "2342"]
[Annotator "NA"]
[PlyCount "60"]
[EventDate "2020.09.19"]
[EventType "swiss (blitz)"]

1. d4 d5 2. c4 c6 3. Nc3 Nf6 4. Nf3 dxc4 5. a4 Bf5 6. e3 e6 7. Bxc4 Bb4 8. O-O O-O 9. Bd3 a5 10. e4 Bg6 11. Qc2 Na6 12. h3 Bd6 13. Na2 Bc7 14. Bg5 h6 15. Bh4 Qb8 16. Bxf6 gxf6 17. Qd2 Kg7 18. Rfe1 Rd8 19. Qc3 Nb4 20. Nxb4 axb4 21. Qc2 Bb6 22. Qc4 Qa7 23. Rab1 Bxd4 24. Qxb4 Bxf2+ 25. Kh1 Qxa4 26. Qxa4 Rxa4 27. Red1 Rxd3 28. Rxd3 Bxe4 29. Rd2 Be3 30. Rf2 Bxf2 0-1

[Event "Play for Durgesh Fundraiser Blitz"]
[Site "Vishy Anand Arena"]
[Date "2020.09.19"]
[Round "2"]
[White "Enthusiast"]
[Black "Aryn"]
[Result "1-0"]
[WhiteElo "1593"]
[BlackElo "1620"]
[Annotator "NA"]
[PlyCount "57"]
[EventDate "2020.09.19"]
[EventType "swiss (blitz)"]

1. e4 c5 2. Nf3 d6 3. c4 Nf6 4. Nc3 g6 5. d3 Bg7 6. Be3 O-O 7. Be2 Nc6 8. O-O Bg4 9. h3 Be6 10. Qd2 Rc8 11. Bh6 Re8 12. Bxg7 Kxg7 13. Qg5 Nb4 14. Rac1 Rc6 15. a3 Na6 16. e5 dxe5 17. Nxe5 Rd6 18. Nb5 Rb6 19. Rc2 Nh5 20. Bxh5 f6 21. Qg3 fxe5 22. Qxe5+ Kf7 23. Qf4+ Kg7 24. Qe5+ Kf7 25. Qf4+ Bf5 26. Be2 Rc6 27. g4 g5 28. Qxg5 Bxd3 29. Rd2 1-0

[Event "Play for Durgesh Fundraiser Blitz"]
[Site "Vishy Anand Arena"]
[Date "2020.09.19"]
[Round "2"]
[White "Vishvajeet Singh"]
[Black "Aneesh009"]
[Result "0-1"]
[WhiteElo "1593"]
[BlackElo "1663"]
[Annotator "NA"]
[PlyCount "98"]
[EventDate "2020.09.19"]
[EventType "swiss (blitz)"]

1. e4 c6 2. d4 d5 3. Nc3 dxe4 4. Nxe4 Bf5 5. Ng3 Bg6 6. Nf3 h6 7. h4 Nd7 8. h5 Bh7 9. Bd3 Bxd3 10. Qxd3 Ngf6 11. Bd2 e6 12. O-O-O Be7 13. Qe2 Nd5 14. Kb1 Qb6 15. c4 Nb4 16. Bxb4 Qxb4 17. Ne5 Nxe5 18. dxe5 Qc5 19. f4 O-O 20. Ne4 Qb6 21. Rd7 Rfe8 22. Qg4 Qe3 23. Nf6+ Bxf6 24. exf6 Qe4+ 25. Ka1 Qh7 26. Rxb7 Reb8 27. Rd7 Rd8 28. Rhd1 Rxd7 29. Rxd7 a5 30. a3 a4 31. fxg7 Qxg7 32. Qxg7+ Kxg7 33. Rc7 Ra6 34. Ka2 Kf6 35. g4 Kg7 36. f5 exf5 37. gxf5 Kf6 38. Rd7 Kxf5 39. Rxf7+ Kg5 40. Rd7 Kxh5 41. c5 Kg5 42. Rd6 h5 43. Kb1 Kg4 44. Kc2 h4 45. Rd4+ Kg3 46. Kd2 h3 47. Ke2 Kg2 48. Rg4+ Kh1 49. Kf2 Kh2 0-1

[Event "Play for Durgesh Fundraiser Blitz"]
[Site "Vishy Anand Arena"]
[Date "2020.09.19"]
[Round "2"]
[White "The ChessForce"]
[Black "abhi_golu"]
[Result "0-1"]
[WhiteElo "1589"]
[BlackElo "1576"]
[Annotator "NA"]
[PlyCount "70"]
[EventDate "2020.09.19"]
[EventType "swiss (blitz)"]

1. e4 c5 2. Nf3 Nc6 3. d4 cxd4 4. Nxd4 d6 5. Nc3 g6 6. Be3 Bg7 7. Be2 Nf6 8. f3 O-O 9. Qd2 Nb4 10. h4 e5 11. Nb3 Nh5 12. a3 Nc6 13. Nd5 Ng3 14. Rh2 Be6 15. Bf2 Nxe2 16. Qxe2 Bxd5 17. exd5 Nd4 18. Nxd4 exd4 19. O-O-O Re8 20. Qd3 Qf6 21. Bxd4 Qf4+ 22. Qd2 Qxh2 23. Bxg7 Kxg7 24. Qd4+ Qe5 25. Qxe5+ dxe5 26. Re1 Rad8 27. h5 gxh5 28. c4 b5 29. Rh1 bxc4 30. Rxh5 Rxd5 31. Rg5+ Kf6 32. Rg4 Red8 33. Rxc4 Rd1+ 34. Kc2 R8d2+ 35. Kb3 Rxg2 0-1

[Event "Play for Durgesh Fundraiser Blitz"]
[Site "Vishy Anand Arena"]
[Date "2020.09.19"]
[Round "2"]
[White "Crazyintrovert"]
[Black "Kaspypran"]
[Result "0-1"]
[WhiteElo "1585"]
[BlackElo "1897"]
[Annotator "NA"]
[PlyCount "100"]
[EventDate "2020.09.19"]
[EventType "swiss (blitz)"]

1. e4 Nf6 2. Nc3 e5 3. Nf3 Nc6 4. g3 Bc5 5. Bg2 O-O 6. O-O h6 7. d3 d5 8. exd5 Nxd5 9. Nxd5 Qxd5 10. b3 Bg4 11. Nh4 Qxg2+ 12. Nxg2 Bxd1 13. Rxd1 Nd4 14. c3 Ne2+ 15. Kf1 Nxc3 16. Rd2 Bb4 17. Rc2 Nd5 18. Bb2 f6 19. a3 Ba5 20. b4 Bb6 21. Rd1 Rad8 22. Re2 Rfe8 23. Ne3 Bxe3 24. fxe3 Nb6 25. e4 Rd7 26. Kf2 Red8 27. Red2 Nc4 28. Rc2 Nxb2 29. Rxb2 Rxd3 30. Rxd3 Rxd3 31. Rc2 c6 32. a4 Rb3 33. b5 cxb5 34. axb5 Rxb5 35. Rc8+ Kh7 36. Rc2 a5 37. h4 h5 38. Ra2 b6 39. Ke2 Rb3 40. Kf2 Kg6 41. Rc2 a4 42. Rc4 b5 43. Rc2 a3 44. Ra2 Rb2+ 45. Rxb2 axb2 46. Kf3 b1=Q 47. g4 hxg4+ 48. Kxg4 Qxe4+ 49. Kg3 Qe3+ 50. Kg4 f5# 0-1

[Event "Play for Durgesh Fundraiser Blitz"]
[Site "Vishy Anand Arena"]
[Date "2020.09.19"]
[Round "2"]
[White "SAIMANIVANNAN"]
[Black "lsr"]
[Result "0-1"]
[WhiteElo "1575"]
[BlackElo "2169"]
[PlyCount "106"]
[EventDate "2020.09.19"]
[EventType "swiss (blitz)"]

1. Nf3 d6 2. c4 e5 3. g3 f5 4. Bg2 Nf6 5. d3 Be7 6. Nc3 O-O 7. b4 Qe8 8. O-O Kh8 9. e3 Nc6 10. Rb1 Qh5 11. Nd2 Qh6 12. f4 Ng4 13. Nf3 Bf6 14. h3 e4 15. dxe4 Bxc3 16. hxg4 fxe4 17. Ng5 Bxb4 18. Bb2 Bc5 19. Qd2 Bxg4 20. Bxe4 Rae8 21. Bd4 Nxd4 22. exd4 Bb6 23. Kg2 Qf6 24. Rh1 h6 25. Nh7 Qe7 26. Rbe1 Rg8 27. Bd5 Qe2+ 28. Rxe2 Rxe2+ 29. Qxe2 Bxe2 30. Bxg8 Kxg8 31. Re1 Bxc4 32. Ng5 hxg5 33. fxg5 Bxd4 34. Re8+ Kf7 35. Rc8 Bb6 36. Kf3 Bd5+ 37. Kf4 a6 38. a3 a5 39. Rh8 Be6 40. Rh2 Bd4 41. Re2 Be5+ 42. Kf3 c5 43. Kg2 Bd5+ 44. Kh2 Bc6 45. Rf2+ Ke6 46. Kh3 c4 47. Kg4 c3 48. Kh5 Be4 49. g6 c2 50. Rf1 Bb2 51. g4 c1=Q 52. Rxc1 Bxc1 53. g5 Bf3+ 0-1

[Event "Play for Durgesh Fundraiser Blitz"]
[Site "Vishy Anand Arena"]
[Date "2020.09.19"]
[Round "2"]
[White "Deer"]
[Black "Atri Chattopadhyay"]
[Result "0-1"]
[WhiteElo "1565"]
[BlackElo "1878"]
[Annotator "NA"]
[PlyCount "48"]
[EventDate "2020.09.19"]
[EventType "swiss (blitz)"]

1. e4 c5 2. Nc3 Nc6 3. f4 g6 4. Nf3 Bg7 5. Bc4 e6 6. d3 Nge7 7. e5 d5 8. exd6 Qxd6 9. Ne4 Qc7 10. O-O O-O 11. Kh1 b6 12. c3 Bb7 13. Be3 Nd5 14. Bd2 a6 15. a4 Rad8 16. Qe1 Nce7 17. Qh4 h6 18. Ba2 b5 19. axb5 axb5 20. c4 Nf5 21. Qh3 Nxf4 22. Bxf4 Qxf4 23. cxb5 Rxd3 24. Nxc5 Rxf3 0-1

[Event "Play for Durgesh Fundraiser Blitz"]
[Site "Vishy Anand Arena"]
[Date "2020.09.19"]
[Round "2"]
[White "Gonda"]
[Black "Gak_chess"]
[Result "0-1"]
[WhiteElo "1564"]
[BlackElo "2289"]
[PlyCount "42"]
[EventDate "2020.09.19"]
[EventType "swiss (blitz)"]

1. e4 c6 2. Nf3 d5 3. exd5 cxd5 4. d4 Nc6 5. c3 g6 6. Be2 Bg7 7. O-O Nh6 8. h3 O-O 9. Be3 Nf5 10. Nbd2 e5 11. dxe5 Nxe3 12. fxe3 Qb6 13. Nd4 Nxe5 14. N2b3 Bh6 15. Qc1 Bd7 16. Bf3 Nc4 17. Re1 Rae8 18. e4 Bxc1 19. Nxc1 dxe4 20. Bxe4 Qxb2 21. Ncb3 Qxc3 0-1

[Event "Play for Durgesh Fundraiser Blitz"]
[Site "Vishy Anand Arena"]
[Date "2020.09.19"]
[Round "2"]
[White "Shreyansh1"]
[Black "Rosh161011"]
[Result "0-1"]
[WhiteElo "1562"]
[BlackElo "1677"]
[Annotator "NA"]
[PlyCount "108"]
[EventDate "2020.09.19"]
[EventType "swiss (blitz)"]

1. d4 Nf6 2. c4 e6 3. Nc3 d5 4. Bd2 c5 5. cxd5 cxd4 6. Qa4+ Bd7 7. Qxd4 exd5 8. Nxd5 Nxd5 9. Qxd5 Nc6 10. Qe4+ Be7 11. Nf3 O-O 12. e3 Re8 13. Bd3 g6 14. h4 Bf5 15. Qc4 Qxd3 16. Qxd3 Bxd3 17. h5 Bf6 18. Bc3 Bxc3+ 19. bxc3 gxh5 20. Rxh5 Rad8 21. Rg5+ Bg6 22. Nh4 Ne5 23. f4 Nd3+ 24. Ke2 h6 25. Rg3 Kh7 26. f5 Bh5+ 27. Kf1 Ne5 28. f6 Ng6 29. Rh3 Nxh4 30. Rxh4 Bg6 31. Kf2 Rd2+ 32. Kg3 Rxe3+ 33. Kh2 Be4 34. Rg4 Bg6 35. Rh1 h5 36. Rg3 Rxg3 37. Kxg3 Kh6 38. a4 Be4 39. Rh2 Rd3+ 40. Kf2 Rxc3 41. Rh4 Rc2+ 42. Ke3 Bxg2 43. Rb4 b6 44. Rd4 Rc3+ 45. Kd2 Rc8 46. Ke1 Re8+ 47. Kd2 Bb7 48. Rf4 Rf8 49. Rd4 Kh7 50. Kc3 Kh6 51. Rf4 Kg5 52. Rd4 Kg6 53. Rd6 Kg5 54. Rd7 Kg6 0-1

[Event "Play for Durgesh Fundraiser Blitz"]
[Site "Vishy Anand Arena"]
[Date "2020.09.19"]
[Round "2"]
[White "SidharthS"]
[Black "bhaveshvyas_01"]
[Result "1-0"]
[WhiteElo "1561"]
[BlackElo "1392"]
[Annotator "NA"]
[PlyCount "125"]
[EventDate "2020.09.19"]
[EventType "swiss (blitz)"]

1. f4 d5 2. Nf3 Nc6 3. d3 Nf6 4. g3 e6 5. Bg2 Bd7 6. O-O h6 7. Qe1 Bc5+ 8. Kh1 Qe7 9. e4 d4 10. Nbd2 e5 11. f5 O-O-O 12. Nb3 Bd6 13. a4 g6 14. Nfd2 g5 15. Nc4 b6 16. a5 b5 17. Nxd6+ Qxd6 18. Bd2 b4 19. Ra4 Rdg8 20. Bxb4 Nxb4 21. Rxb4 Kd8 22. Rb8+ Ke7 23. Rxg8 Rxg8 24. Qa1 g4 25. Qa3 Qxa3 26. bxa3 h5 27. Rb1 Kd6 28. Nd2 Bc6 29. Nc4+ Kd7 30. Nxe5+ Kd6 31. Nxf7+ Ke7 32. Ne5 Kd6 33. Nxc6 Kxc6 34. e5+ Nd5 35. Bxd5+ Kxd5 36. Rb5+ Kc6 37. a4 Re8 38. a6 Kd7 39. Kg2 c6 40. Rc5 Kc7 41. a5 h4 42. Kf2 hxg3+ 43. hxg3 Rh8 44. Kg2 Rh3 45. Rc4 Rh5 46. Rxd4 Rg5 47. Rf4 Rxf5 48. Rxf5 Kd7 49. Rg5 Ke6 50. Rxg4 Kxe5 51. Rb4 Kd6 52. Rb7 c5 53. Rxa7 Kc6 54. Rh7 c4 55. a7 cxd3 56. a8=Q+ Kb5 57. Rb7+ Kc4 58. Qc8+ Kd4 59. Rd7+ Ke3 60. Qe8+ Kd2 61. Rxd3+ Kxc2 62. Qe2+ Kb1 63. Rd1# 1-0

[Event "Play for Durgesh Fundraiser Blitz"]
[Site "Vishy Anand Arena"]
[Date "2020.09.19"]
[Round "2"]
[White "SUNMEETH PAI M"]
[Black "Prathameshb"]
[Result "0-1"]
[WhiteElo "1550"]
[BlackElo "1620"]
[Annotator "NA"]
[PlyCount "62"]
[EventDate "2020.09.19"]
[EventType "swiss (blitz)"]

1. e4 e5 2. Nf3 Nf6 3. Nxe5 Bc5 4. Qe2 O-O 5. Nd3 d5 6. Nxc5 Re8 7. d3 Bg4 8. f3 Bh5 9. g4 Bg6 10. Nxb7 Qc8 11. Nc5 Nc6 12. Be3 dxe4 13. Nxe4 Nb4 14. Nxf6+ gxf6 15. c3 Nxd3+ 16. Kd1 Nxb2+ 17. Qxb2 Rd8+ 18. Ke2 Qa6+ 19. Kf2 Qd6 20. Bc4 Rab8 21. Bb3 Bd3 22. Nd2 Bb5 23. c4 c5 24. cxb5 Rxb5 25. Rac1 c4 26. Nxc4 Qd3 27. Rhd1 Qe4 28. fxe4 Rxd1 29. Rxd1 Rf5+ 30. Kg3 a5 31. Bf4 Rg5 0-1

[Event "Play for Durgesh Fundraiser Blitz"]
[Site "Vishy Anand Arena"]
[Date "2020.09.19"]
[Round "2"]
[White "Adireddyarjun"]
[Black "Saharshkuna"]
[Result "1-0"]
[WhiteElo "1540"]
[BlackElo "1450"]
[Annotator "NA"]
[PlyCount "89"]
[EventDate "2020.09.19"]
[EventType "swiss (blitz)"]

1. e4 e5 2. Nf3 Nc6 3. Bb5 Nf6 4. O-O d6 5. d4 a6 6. Ba4 b5 7. Bb3 g6 8. Bg5 Be7 9. dxe5 dxe5 10. Bxf6 Bxf6 11. Bd5 Bb7 12. c4 bxc4 13. Bxc4 O-O 14. Nc3 Bg7 15. Qxd8 Raxd8 16. Rad1 Rxd1 17. Rxd1 Rd8 18. Nd5 Na5 19. Ne7+ Kf8 20. Rxd8+ Kxe7 21. Rb8 Bxe4 22. Bxa6 c5 23. Rb5 Bxf3 24. gxf3 Nc6 25. Rxc5 Nb8 26. Bb5 Kf8 27. Rc8+ Ke7 28. Rxb8 Kd6 29. Rb7 Kc5 30. Rxf7 Bf8 31. Rxf8 Kxb5 32. Rh8 Kc4 33. Rxh7 Kd4 34. Rg7 e4 35. fxe4 Kxe4 36. Rxg6 Kd4 37. Rg3 Kd5 38. h4 Ke5 39. h5 Kf5 40. h6 Kf6 41. h7 Ke5 42. h8=Q+ Ke6 43. Qh6+ Kf7 44. Rg7+ Ke8 45. Qh8# 1-0